000 02344nam a2200301Ia 4500
999 _c54073
_d54073
001 21127
003 GE_BSU
005 20250307165759.0
008 181216s2016||||ge |||||||||||||| ||geo||
040 _cGE_BSU
041 _ageo
080 _a27-36 წ-71
245 _aწმინდა დიმიტრი თესალონიკელი ; წმინდა მოწამე ვასილისკო ;წმინდა მოწამე ლუკია ; წმინდა ალექსანდრე რომაელი ; სხვადასხვა დროის მოწამე დედანი და მამანი /
_cშემდგენელი მანანა ტუაევა ; გარეკანის დიზაინი რატი თორდია.
264 _aთბილისი :
_bპალიტრა L,
_c2016.
300 _a200 გვ. ;
_c20სმ.
490 _aსაქართველოს იმედი II : ყველა წმინდანი, რომელთა შესახებაც უნდა იცოდე, 2298-0547 / პროექტის რედაქტორი თამარ მამაცაშვილი ;
_vწიგნი 49
500 _aიბეჭდება სრ. საქართველოს კათოლიკოს-პატრიარქის, უწმინდესისა და უნეტარესის ილია II-ის ლოცვა-კურთხევით
504 _aბიბლიოგრ. : გვ. 191
653 _aრელიგია
653 _aწმინდა დიმიტრი თესალონიკელი
653 _a წმინდა მოწამე ვასილისკო
653 _a წმინდა მოწამე ლუკია
653 _aსხვადასხვა დროის მოწამე დედანი და მამანი
700 _aტუაევა, მანანა
_eშემდგენელი
_924491
700 _aმამაცაშვილი, თამარ
_eპროექტის რედაქტორი
_924492
700 _aთორდია, რატი
_eდიზაინერი
_917902
942 _cBK
_2udc